| 000 | 00375pab a2200157 454500 | ||
|---|---|---|---|
| 008 | 180718b1997 xxu||||| |||| 00| 0 eng d | ||
| 100 | _aSandesara, J.C. | ||
| 245 | _aThe Union budget 1997-98 and the industrial sector | ||
| 260 | _c1997 | ||
| 300 | _ap.13-18 | ||
| 362 | _aApr-Jun | ||
| 650 | _aBudget - India | ||
| 650 | _aBudget | ||
| 773 | _aVikalpa | ||
| 909 | _a34697 | ||
| 999 |
_c34697 _d34697 |
||